书目信息 |
| 题名: |
环境保护与绿色技术
|
|
| 作者: | 郑丹星 编 | |
| 分册: | ||
| 出版信息: | 北京 化学工业出版社 2002 |
|
| 页数: | 256页 | |
| 开本: | 26cm | |
| 丛书名: | ||
| 单 册: | ||
| 中图分类: | X , X38 , X3 | |
| 科图分类: | ||
| 主题词: | 环境保护--高等学校--教材 , 无污染技术--高等学校--教材 , CT--S033368--环境保护 , CT--S079421--无污染技术 , 环境堡--环境管理 | |
| 电子资源: | ||
| ISBN: | 7-5025-3639-6 | |
| 000 | 01100nam0 2200337 45 | |
| 001 | 012002046183 | |
| 005 | 20070720112008.79 | |
| 010 | @a7-5025-3639-6@dCNY28.00 | |
| 035 | @a(011001)c2002039529 | |
| 100 | @a20020605e20042002em y0chiy0110 ea | |
| 101 | 0 | @achi |
| 102 | @aCN@b110000 | |
| 105 | @ay z 000yy | |
| 106 | @ar | |
| 200 | 1 | @a环境保护与绿色技术@Ahuan jing bao hu yu lv se ji shu@f郑丹星等编@Fzheng dan xing deng bian |
| 210 | @a北京@c化学工业出版社@d2002@h2004重印 | |
| 215 | @a256页@d26cm | |
| 300 | @a高等学校教材 | |
| 330 | @a本书共分五章,内容包括:环境与生态、可持续发展与社会制约机制、环境污染监测与控制技术、资源可持续利用技术、环境友好的能源利用技术。 | |
| 510 | 1 | @aEnvironment Protection and Green Technologies@zeng |
| 606 | 0 | @a环境保护@x高等学校@j教材 |
| 606 | 0 | @a无污染技术@x高等学校@j教材 |
| 606 | 0 | @2CT@3S033368@a环境保护 |
| 606 | 0 | @2CT@3S079421@a无污染技术 |
| 606 | 0 | @a环境堡@x环境管理 |
| 690 | @aX@v4 | |
| 690 | @aX38@v4 | |
| 690 | @aX3@v3 | |
| 701 | 0 | @a郑丹星@Azheng dan xing@4编 |
| 801 | 0 | @aCN@bNLC@c20070720 |
| 905 | @dX3@e85@f4 | |
| 环境保护与绿色技术/郑丹星等编.-北京:化学工业出版社,2002(2004重印) |
| 256页;26cm |
| 高等学校教材 |
| ISBN 7-5025-3639-6:CNY28.00 |
| 本书共分五章,内容包括:环境与生态、可持续发展与社会制约机制、环境污染监测与控制技术、资源可持续利用技术、环境友好的能源利用技术。 |
| ● |
| 相关链接 |
|
|
|
|
正题名:环境保护与绿色技术
索取号:X3/85
 
预约/预借
| 序号 | 登录号 | 条形码 | 馆藏地/架位号 | 状态 | 备注 |
| 1 | 0850343 | 208503430 | 第二样本阅览室/ [索取号:X3/85] | 在馆 | |
| 2 | 0850344 | 208503449 | 第三借阅区/ [索取号:X3/85] | 在馆 | |
| 3 | 0850345 | 208503458 | 第三借阅区/ [索取号:X3/85] | 在馆 | |
| 4 | 0850346 | 208503467 | 第三借阅区/ [索取号:X3/85] | 在馆 |